Les boissons alcoolisées préférées/consommées en France - Statistiques

Statistiques générales
  • Ce quiz a été pris 323 fois
  • Le résultat moyen est 7 sur 9
Statistiques - réponses
Réponse % Correct
Vin
98%
Bière
95%
Vodka
94%
Rhum
86%
Whisky
85%
Champagne
76%
Pastis
65%
Cidre
42%
Cocktail
27%
Aucun quiz correspondant
Distribution des résultats
% des personnes avec chaque résultat
Percentile par nombre de réponses
Votre historique - résultats
Vous n’avez pas pris ce quiz